000 01302cam a22003497a 4500
003 CHAP
005 20220329141944.0
008 980929d1997 au rd 00110 eng d
010 _a76235
011 _a77207
020 _a0 521 41421 0
035 _a86810
040 _cCHAP
082 0 4 _a580.3
_bP5 1997
245 1 4 _aThe plant-book
_b: a portable dictionary of the vascular plants : utilizing Kubitzki's The families and genera of vascular plants (1990- ), Cronquist's An integrated system of classification of flowering plants (1981) and current botanical literature arr
250 _a2 ed. compl. rev.
260 _aMelbourne :
_bCambridge University Press,
_c1997.
300 _a858 p.
590 _aBATCH-UPD
_b10
_c20130110
_lUCH01
_h0148
590 _aBATCH-UPD
_b10
_c20130110
_lUCH01
_h1627
590 _aBATCH-UPD
_b10
_c20130410
_lUCH01
_h1021
590 _aBATCH-UPD
_b10
_c20130914
_lUCH01
_h0736
590 _aCONVERSION
_b10
_c20130109
_lUCH01
_h1342
650 0 4 _aTracheophyta.
_9114572
650 1 4 _aBotánica
_xDiccionarios.
_914530
650 1 4 _aPlantas
_xNomenclatura.
_988871
700 0 2 _aMabberley, D. J.
_969317
901 _aBK
905 _aAlejandra Carrasco M.
942 _cLIBRO
949 _a580.3 P5 1997
_bBC
_cC
_d33724000704052
_eC
_gI.193253
_h94207
_i86810
_si
_t$671.00
999 _c76235
_d76235